00636nam a2200157 4500008004100000082001700041110003800058245009300096260006800189300003000257505004000287650003200327942000700359952009700366999001500463240117b |||||||| |||| 00| 0 eng d a331.341bINT aInternational Labour Organization aPromoting jobs, protecting youth : bILO's work on youth employment and entrepreneurship aColombo:bILO Country Office for Sri Lanka and Maldives, c2015 a47 p. : color ill.; 26 cm aWith partial reference to Sri Lanka aYouth Employment- Sri Lanka cRP 00102ddc4070aMAINbMAINd2024-01-17l0o331.341 INTpRAF4756r2024-01-17w2024-01-17yRP c4635d4635